书目信息 |
| 题名: |
中国智能网联汽车产业发展报告
|
|
| 作者: | 中国汽车工程学会 主编 ;国汽(北京)智能网联汽车研究院有限公司 主编 | |
| 分册: | 2019 | |
| 出版信息: | 北京 社会科学文献出版社 2019 |
|
| 页数: | 457页 | |
| 开本: | 24cm | |
| 丛书名: | 智能网联汽车蓝皮书 | |
| 单 册: | ||
| 中图分类: | U463.67 | |
| 科图分类: | ||
| 主题词: | 汽车--智能通信网--产业发展--研究报告--中国--2019 | |
| 电子资源: | ||
| ISBN: | 978-7-5201-5394-2 | |
| 000 | 01656oam2 2200265 45 | |
| 001 | 012001003246 | |
| 005 | 20140129153850.0 | |
| 010 | @a978-7-5201-5394-2@dCNY198.00 | |
| 100 | @a20190821d2019 em y0chiy0110 ea | |
| 101 | 0 | @achi |
| 102 | @aCN@b110000 | |
| 105 | @ay z 000yy | |
| 106 | @ar | |
| 200 | 1 | @a中国智能网联汽车产业发展报告@9zhong guo zhi neng wang lian qi che chan ye fa zhan bao gao@h2019@f中国汽车工程学会,国汽(北京)智能网联汽车研究院有限公司主编 |
| 210 | @a北京@c社会科学文献出版社@d2019 | |
| 215 | @a457页@d24cm | |
| 225 | 2 | @a智能网联汽车蓝皮书 |
| 330 | @a在新一轮科技革命与产业变革的推动下,汽车产业迈入工业4.0时代,其典型特征就是通过新一代移动通信技术、互联网、大数据、云平台、人工智能等先进技术与汽车产业的有机结合,打造以汽车为载体的新一代信息物理融合系统。在技术发展与产业探索实践的综合推动下,智能网联汽车已经从概念原理、技术原型阶段逐步迈入产业化应用阶段,特定场景商业应用不断扩展,为大规模产业应用奠定基础。与此同时,当前我国智能网联汽车的产业化应用还存在诸多限制,需要打破常规发展思路,打造中国特色智能网联汽车方案和创新发展道路,加速我国汽车强国建设。本书将全面介绍最近一年来智能网联汽车产业发展的最新进展和我国产业发展面临的挑战,系统梳理我国面对相关挑战采取的对策措施,并为未来产业发展提出建议。 | |
| 461 | 0 | @12001 @a智能网联汽车蓝皮书 |
| 606 | 0 | @a汽车@x智能通信网@x产业发展@x研究报告@y中国@x2019 |
| 690 | @aU463.67@v5 | |
| 701 | 0 | @a中国汽车工程学会@9zhong guo qi che gong cheng xue hui@4主编 |
| 711 | 02 | @a国汽(北京)智能网联汽车研究院有限公司@9guo qi ( bei jing ) zhi neng wang lian qi che yan jiu yuan you xian gong si@4主编 |
| 801 | 0 | @aCN@b北京卓展@c20191020 |
| 905 | @b1210927-9@dU463.67@e893@f3 | |
| 中国智能网联汽车产业发展报告.2019/中国汽车工程学会,国汽(北京)智能网联汽车研究院有限公司主编.-北京:社会科学文献出版社,2019 |
| 457页;24cm.-(智能网联汽车蓝皮书) |
| ISBN 978-7-5201-5394-2:CNY198.00 |
| 在新一轮科技革命与产业变革的推动下,汽车产业迈入工业4.0时代,其典型特征就是通过新一代移动通信技术、互联网、大数据、云平台、人工智能等先进技术与汽车产业的有机结合,打造以汽车为载体的新一代信息物理融合系统。在技术发展与产业探索实践的综合推动下,智能网联汽车已经从概念原理、技术原型阶段逐步迈入产业化应用阶段,特定场景商业应用不断扩展,为大规模产业应用奠定基础。与此同时,当前我国智能网联汽车的产业化应用还存在诸多限制,需要打破常规发展思路,打造中国特色智能网联汽车方案和创新发展道路,加速我国汽车强国建设。本书将全面介绍最近一年来智能网联汽车产业发展的最新进展和我国产业发展面临的挑战,系统梳理我国面对相关挑战采取的对策措施,并为未来产业发展提出建议。 |
| ● |
| 相关链接 |
|
|
|
|
正题名:中国智能网联汽车产业发展报告
索取号:U463.67/893
 
预约/预借
| 序号 | 登录号 | 条形码 | 馆藏地/架位号 | 状态 | 备注 |
| 1 | 1210927 | 212109270 | 第二样本阅览室/ [索取号:U463.67/893] | 在馆 | |
| 2 | 1210928 | 212109289 | 第三借阅区/ [索取号:U463.67/893] | 在馆 | |
| 3 | 1210929 | 212109298 | 第三借阅区/ [索取号:U463.67/893] | 在馆 |